[Event "KGZ-ch"]
[White "Zilberman, Nathan R"]
[Black "Markov, Mikhail2"]
[Site "Bishkek"]
[Round "4"]
[Result "0-1"]
[Date "2009.??.??"]
[WhiteElo "2332"]
[BlackElo "2119"]
[PlyCount "96"]
[EventDate "2009.05.13"]
[EventType "swiss"]
[EventRounds "11"]
[EventCountry "KGZ"]
[SourceTitle "EXT 2014"]
[Source "ChessBase"]
[SourceDate "2013.11.20"]
[SourceVersion "1"]
[SourceVersionDate "2013.11.20"]
[SourceQuality "1"]

1. d4 Nf6 2. Nf3 e6 3. Bg5 d5 4. e3 c5 5. c3 Bd6 6. Bd3 Nbd7 7. Nbd2 e5 8. dxe5 Nxe5 9. Nxe5 Bxe5 10. Nf3 Bc7 11. Qa4+ Bd7 12. Qh4 Qe7 13. 0-0 Bc6 14. Bf5 h6 15. Rad1 Be5 16. Bh3 Rg8 17. Nxe5 Qxe5 18. Bxf6 gxf6 19. Qxh6 Ke7 20. Qf4 Rh8 21. f3 Rag8 22. Kf2 Qxf4 23. exf4 Rh4 24. f5 Kd6 25. Rh1 Rf4 26. b3 d4 27. Rhe1 Bd5 28. cxd4 Rxd4 29. Bg4 a5 30. Rxd4 cxd4 31. Rd1 Kc5 32. h4 b5 33. Bh3 a4 34. Rd3 Re8 35. g4 a3 36. h5 Bc4 37. bxc4 bxc4 38. Rd1 d3 39. Bf1 Kd4 40. f4 Kc3 41. Rc1+ Kd4 42. h6 c3 43. Bxd3 Kxd3 44. g5 Rh8 45. Rg1 fxg5 46. fxg5 c2 47. g6 fxg6 48. fxg6 Rf8+ 0-1

[Event "Olympiad-36"]
[White "Isaev, Jamshed"]
[Black "Zilberman, Nathan R"]
[Site "Mallorca"]
[Round "13"]
[Result "1-0"]
[Date "2004.10.28"]
[WhiteElo "2424"]
[BlackElo "2338"]
[PlyCount "103"]
[EventDate "2004.10.15"]
[EventType "team-swiss"]
[EventRounds "14"]
[EventCountry "ESP"]
[SourceTitle "CBM 104"]
[Source "ChessBase"]
[SourceDate "2005.01.27"]
[SourceVersion "1"]
[SourceVersionDate "2005.01.27"]
[SourceQuality "1"]
[WhiteTeam "Tajikistan"]
[BlackTeam "Kyrgyzstan"]
[WhiteTeamCountry "TJK"]
[BlackTeamCountry "KGZ"]

1. e4 g6 2. d4 Bg7 3. Nc3 c6 4. Bc4 d6 5. Qf3 e6 6. Bf4 d5 7. Bb3 Ne7 8. 0-0-0 Nd7 9. h4 h6 10. Nh3 f5 11. exd5 exd5 12. Rde1 Nf6 13. Be5 0-0 14. Nf4 Kh7 15. Qe2 Neg8 16. f3 Re8 17. Qf2 Be6 18. Nxe6 Rxe6 19. Ne2 Qe8 20. Nf4 Re7 21. c3 Qf7 22. Bc2 Nd7 23. h5 g5 24. Ng6 Bxe5 25. dxe5 Re6 26. g4 fxg4 27. Nf8+ Kg7 28. Nxe6+ Qxe6 29. fxg4 Nxe5 30. Qd4 Re8 31. Bf5 Qd6 32. Qxa7 Re7 33. b4 Nf6 34. Qd4 Nc4 35. Rxe7+ Qxe7 36. Bc2 Qe3+ 37. Qxe3 Nxe3 38. Re1 Nfxg4 39. Bd3 Kf6 40. Kd2 Nc4+ 41. Bxc4 dxc4 42. Re8 b5 43. Rf8+ Ke5 44. Rc8 Kd5 45. Rh8 Ke4 46. Ke2 Kf4 47. Rf8+ Ke5 48. Rh8 Ke4 49. Rd8 Nf6 50. Rd6 Nxh5 51. Rxh6 Ng3+ 52. Ke1 1-0

[Event "Olympiad-36"]
[White "Zilberman, Nathan R"]
[Black "McNab, Colin Anderson"]
[Site "Mallorca"]
[Round "6"]
[Result "0-1"]
[Date "2004.10.20"]
[WhiteElo "2338"]
[BlackElo "2434"]
[PlyCount "40"]
[EventDate "2004.10.15"]
[EventType "team-swiss"]
[EventRounds "14"]
[EventCountry "ESP"]
[SourceTitle "CBM 104"]
[Source "ChessBase"]
[SourceDate "2005.01.27"]
[SourceVersion "1"]
[SourceVersionDate "2005.01.27"]
[SourceQuality "1"]
[WhiteTeam "Kyrgyzstan"]
[BlackTeam "Scotland"]
[WhiteTeamCountry "KGZ"]
[BlackTeamCountry "SCO"]

1. d4 d6 2. Nf3 g6 3. c4 Bg7 4. Nc3 Nd7 5. e4 e5 6. Be2 Ngf6 7. 0-0 0-0 8. Re1 c6 9. Bf1 Qe7 10. Rb1 a5 11. b3 exd4 12. Nxd4 Ng4 13. Qxg4 Bxd4 14. Bb2 Qf6 15. Nd1 Be5 16. g3 Bxb2 17. Nxb2 Ne5 18. Qd1 Nf3+ 19. Kh1 Nxe1 20. Qxe1 Re8 0-1

[Event "Olympiad-35"]
[White "Zilberman, Nathan R"]
[Black "Johannessen, Leif Erlend"]
[Site "Bled"]
[Round "9.2"]
[Result "0-1"]
[Date "2002.11.04"]
[WhiteElo "2374"]
[BlackElo "2534"]
[PlyCount "74"]
[EventDate "2002.10.26"]
[EventType "team-swiss"]
[EventRounds "14"]
[EventCountry "SLO"]
[SourceTitle "EXT 2003"]
[Source "ChessBase"]
[SourceDate "2002.11.25"]
[SourceVersion "1"]
[SourceVersionDate "2002.11.25"]
[SourceQuality "1"]
[WhiteTeam "Kyrgyzstan"]
[BlackTeam "Norway"]
[WhiteTeamCountry "KGZ"]
[BlackTeamCountry "NOR"]

1. d4 d5 2. c4 e6 3. Nf3 c6 4. Qc2 Nf6 5. cxd5 exd5 6. Bg5 Be7 7. Nc3 0-0 8. e3 Nbd7 9. Bd3 Re8 10. 0-0 Nf8 11. h3 g6 12. Rab1 Ne6 13. Bh4 Ng7 14. b4 Bd6 15. b5 Nf5 16. Bg5 h6 17. Bf4 Bxf4 18. exf4 cxb5 19. Nxb5 Re7 20. Rfe1 Be6 21. Qc5 Ne4 22. Bxe4 dxe4 23. Re2 e3 24. Rxe3 a6 25. Re4 Rd7 26. Na3 Rc7 27. Qb4 Bd5 28. Ree1 Bxf3 29. gxf3 Nxd4 30. Kg2 Qd5 31. Re3 Nf5 32. Reb3 Re8 33. Re1 Rxe1 34. Qxe1 Re7 35. Qf1 Qd2 36. Rd3 Qxf4 37. Nc2 Nh4+ 0-1

[Event "Olympiad-32"]
[White "Braga, Cicero Nogueira"]
[Black "Zilberman, Nathan R"]
[Site "Yerevan"]
[Round "8.3"]
[Result "1-0"]
[Date "1996.09.24"]
[WhiteElo "2390"]
[BlackElo "2410"]
[PlyCount "81"]
[EventDate "1996.09.15"]
[EventType "team-swiss"]
[EventRounds "14"]
[EventCountry "ARM"]
[SourceTitle "CBM 055"]
[Source "ChessBase"]
[SourceDate "1996.12.01"]
[SourceVersion "1"]
[SourceVersionDate "1996.12.01"]
[SourceQuality "1"]
[WhiteTeam "Brazil"]
[BlackTeam "Kyrgyzstan"]
[WhiteTeamCountry "BRA"]
[BlackTeamCountry "KGZ"]

1. g3 g6 2. Bg2 c5 3. e4 Bg7 4. d3 Nc6 5. f4 e6 6. Nf3 Nge7 7. c3 b6 8. 0-0 0-0 9. Be3 Ba6 10. Bf2 Rc8 11. Re1 Qc7 12. Na3 d6 13. Nc2 Rcd8 14. Rc1 Qd7 15. d4 cxd4 16. cxd4 d5 17. e5 Rc8 18. Qd2 Rc7 19. g4 Rfc8 20. Bh4 Na5 21. b3 Bf8 22. Re3 Rc6 23. Nfe1 Qc7 24. Qf2 Rc3 25. Rxc3 Qxc3 26. Rd1 Nac6 27. Bf6 Qb2 28. h4 Bb5 29. h5 Qxa2 30. hxg6 fxg6 31. f5 Qxb3 32. fxe6 Nd8 33. Ne3 Ndc6 34. N1c2 Rd8 35. Bg5 Kh8 36. Qf7 Bg7 37. Bxe7 Nxe7 38. Qxe7 Re8 39. Qa3 Qxa3 40. Nxa3 Ba4 41. Ra1 1-0

[Event "Olympiad-31"]
[White "Zilberman, Nathan R"]
[Black "Wallace, John Paul"]
[Site "Moscow"]
[Round "10.3"]
[Result "1/2-1/2"]
[Date "1994.12.11"]
[WhiteElo "2410"]
[BlackElo "2345"]
[PlyCount "70"]
[EventDate "1994.12.01"]
[EventType "team-swiss"]
[EventRounds "14"]
[EventCountry "RUS"]
[SourceTitle "CBM 045"]
[Source "ChessBase"]
[SourceDate "1995.04.01"]
[SourceVersion "1"]
[SourceVersionDate "1995.04.01"]
[SourceQuality "1"]
[WhiteTeam "Kyrgyzstan"]
[BlackTeam "Australia"]
[WhiteTeamCountry "KGZ"]
[BlackTeamCountry "AUS"]

1. d4 Nf6 2. Nf3 e6 3. Bg5 h6 4. Bh4 b6 5. e3 Bb7 6. Nbd2 d6 7. Bd3 g5 8. Bg3 Nbd7 9. e4 Nh5 10. c3 Qe7 11. Qe2 Bg7 12. Nc4 a6 13. 0-0-0 0-0-0 14. Nfd2 Nxg3 15. hxg3 Kb8 16. g4 Rc8 17. Kb1 Rhd8 18. f3 Qf8 19. Ne3 Ka7 20. Rc1 c5 21. Nb3 Qh8 22. dxc5 Nxc5 23. Nxc5 Rxc5 24. Rhd1 Rd7 25. Nc2 Qd8 26. Nd4 b5 27. Qe3 Qb6 28. Nb3 Rc8 29. Qxb6+ Kxb6 30. c4 b4 31. Be2 Rdd8 32. c5+ dxc5 33. Rxd8 Rxd8 34. Nxc5 Rc8 35. Nxb7 Rxc1+ 1/2-1/2

[Event "Olympiad-30"]
[White "Zilberman, Nathan R"]
[Black "Zueger, Beat"]
[Site "Manila"]
[Round "12.2"]
[Result "1/2-1/2"]
[Date "1992.06.21"]
[WhiteElo "2400"]
[BlackElo "2420"]
[PlyCount "25"]
[EventDate "1992.06.08"]
[EventType "team-swiss"]
[EventRounds "14"]
[EventCountry "PHI"]
[SourceTitle "TD"]
[Source "ChessBase"]
[SourceDate "1994.03.01"]
[SourceVersion "1"]
[SourceVersionDate "1994.03.01"]
[SourceQuality "1"]
[WhiteTeam "Kyrgyzstan"]
[BlackTeam "Switzerland"]
[WhiteTeamCountry "KGZ"]
[BlackTeamCountry "SUI"]

1. d4 Nf6 2. Nf3 g6 3. c4 Bg7 4. Nc3 0-0 5. Bg5 c5 6. Qd2 cxd4 7. Nxd4 Nc6 8. e3 Qa5 9. Bxf6 Bxf6 10. Nd5 Qxd2+ 11. Kxd2 Kg7 12. Nxf6 Kxf6 13. Be2 1/2-1/2

[Event "Olympiad-30"]
[White "Zilberman, Nathan R"]
[Black "Fernandez Garcia, Jose Luis"]
[Site "Manila"]
[Round "11.3"]
[Result "0-1"]
[Date "1992.06.20"]
[WhiteElo "2400"]
[BlackElo "2465"]
[PlyCount "68"]
[EventDate "1992.06.08"]
[EventType "team-swiss"]
[EventRounds "14"]
[EventCountry "PHI"]
[SourceTitle "TD"]
[Source "ChessBase"]
[SourceDate "1994.03.01"]
[SourceVersion "1"]
[SourceVersionDate "1994.03.01"]
[SourceQuality "1"]
[WhiteTeam "Kyrgyzstan"]
[BlackTeam "Spain"]
[WhiteTeamCountry "KGZ"]
[BlackTeamCountry "ESP"]

1. d4 Nf6 2. Nf3 g6 3. c4 Bg7 4. Nc3 d5 5. Bg5 Ne4 6. cxd5 Nxg5 7. Nxg5 0-0 8. Nf3 c6 9. dxc6 Nxc6 10. e3 e5 11. d5 e4 12. dxc6 exf3 13. Qxd8 Rxd8 14. gxf3 bxc6 15. Rc1 Be6 16. b3 a5 17. Bg2 c5 18. Bf1 Bxc3+ 19. Rxc3 a4 20. bxa4 Rxa4 21. a3 Rda8 22. Bd3 Rxa3 23. Rxa3 Rxa3 24. Ke2 Ra2+ 25. Bc2 Bb3 26. Rc1 g5 27. Kd3 Rxc2 28. Rxc2 Bxc2+ 29. Kxc2 Kf8 30. Kc3 Ke7 31. Kc4 Kd6 32. e4 Kc6 33. e5 h5 34. h3 h4 0-1

[Event "Olympiad-30"]
[White "Georgiev, Krum"]
[Black "Zilberman, Nathan R"]
[Site "Manila"]
[Round "10.3"]
[Result "1-0"]
[Date "1992.06.18"]
[WhiteElo "2505"]
[BlackElo "2400"]
[PlyCount "45"]
[EventDate "1992.06.08"]
[EventType "team-swiss"]
[EventRounds "14"]
[EventCountry "PHI"]
[SourceTitle "TD"]
[Source "ChessBase"]
[SourceDate "1994.03.01"]
[SourceVersion "1"]
[SourceVersionDate "1994.03.01"]
[SourceQuality "1"]
[WhiteTeam "Bulgaria"]
[BlackTeam "Kyrgyzstan"]
[WhiteTeamCountry "BUL"]
[BlackTeamCountry "KGZ"]

1. e4 e6 2. d4 d5 3. Nd2 Nf6 4. e5 Ng8 5. Bd3 Qd7 6. Ngf3 b6 7. Qe2 a5 8. 0-0 Ba6 9. c4 Nc6 10. b3 dxc4 11. bxc4 Nxd4 12. Nxd4 Qxd4 13. Nb3 Qd7 14. Qf3 Rc8 15. Rd1 Ne7 16. Be4 Qa4 17. c5 Bc4 18. Rd4 Nd5 19. Nd2 b5 20. Nxc4 bxc4 21. Rxd5 f5 22. Rd8+ Rxd8 23. Bc6+ 1-0

[Event "Olympiad-30"]
[White "Zilberman, Nathan R"]
[Black "Ionescu, Constantin"]
[Site "Manila"]
[Round "3.3"]
[Result "1/2-1/2"]
[Date "1992.06.10"]
[WhiteElo "2400"]
[BlackElo "2465"]
[PlyCount "50"]
[EventDate "1992.06.08"]
[EventType "team-swiss"]
[EventRounds "14"]
[EventCountry "PHI"]
[SourceTitle "TD"]
[Source "ChessBase"]
[SourceDate "1994.03.01"]
[SourceVersion "1"]
[SourceVersionDate "1994.03.01"]
[SourceQuality "1"]
[WhiteTeam "Kyrgyzstan"]
[BlackTeam "Romania"]
[WhiteTeamCountry "KGZ"]
[BlackTeamCountry "ROU"]

1. d4 Nf6 2. Nf3 c5 3. d5 g6 4. Nc3 Bg7 5. e4 0-0 6. a4 d6 7. Bc4 e6 8. 0-0 exd5 9. Nxd5 Nxd5 10. Bxd5 Nc6 11. c3 Qc7 12. Bf4 Ne5 13. Bxe5 dxe5 14. Qb3 Bh6 15. Rfd1 Rb8 16. Nd2 Bg4 17. f3 Bc8 18. Nc4 Kg7 19. a5 Bd7 20. Na3 Be3+ 21. Kh1 h5 22. Nb5 Bxb5 23. Qxb5 Rfd8 24. Rd3 Bg5 25. b3 Rd7 1/2-1/2

[Event "URS-chT Republics 19th final B"]
[White "Nazarov, Anvar"]
[Black "Zilberman, Nathan R"]
[Site "Azov"]
[Round "?"]
[Result "0-1"]
[Date "1991.??.??"]
[WhiteElo "2210"]
[BlackElo "2400"]
[PlyCount "84"]
[EventDate "1991.??.??"]
[EventType "team-tourn"]
[EventRounds "4"]
[EventCountry "URS"]
[SourceTitle "EXT 2020"]
[Source "ChessBase"]
[SourceDate "2019.10.17"]
[SourceVersion "1"]
[SourceVersionDate "2019.10.17"]
[SourceQuality "1"]
[WhiteTeam "Tajikistan"]
[BlackTeam "Kyrgyzstan"]
[WhiteTeamCountry "TJK"]
[BlackTeamCountry "KGZ"]

1. Nf3 g6 2. g3 Bg7 3. Bg2 c5 4. 0-0 Nc6 5. d3 e5 6. e4 Nge7 7. Be3 b6 8. c4 0-0 9. Qd2 f5 10. Nc3 d6 11. Bh6 f4 12. Bxg7 Kxg7 13. gxf4 Rxf4 14. Ne2 Rf6 15. Ne1 Qf8 16. f4 Qf7 17. Nc2 Bg4 18. fxe5 dxe5 19. Rxf6 Qxf6 20. Rf1 Qh4 21. Ng3 Rf8 22. Rxf8 Kxf8 23. b4 cxb4 24. Nxb4 Nxb4 25. Qxb4 Qg5 26. Qe1 Nc6 27. Qf2+ Ke7 28. Nf1 Bh3 29. Ne3 Nd4 30. Kf1 Bxg2+ 31. Nxg2 Qh5 32. Ne3 Qh3+ 33. Ke1 Qxe3+ 34. Qxe3 Nc2+ 35. Kd2 Nxe3 36. Kxe3 g5 37. d4 exd4+ 38. Kxd4 Ke6 39. e5 a5 40. a4 h6 41. Ke4 h5 42. h3 h4 0-1

[Event "URS-chT Republics 19th final B"]
[White "Nevednichy, Vladislav"]
[Black "Zilberman, Nathan R"]
[Site "Azov"]
[Round "?"]
[Result "1/2-1/2"]
[Date "1991.??.??"]
[WhiteElo "2540"]
[BlackElo "2400"]
[PlyCount "23"]
[EventDate "1991.??.??"]
[EventType "team-tourn"]
[EventRounds "4"]
[EventCountry "URS"]
[SourceTitle "EXT 2020"]
[Source "ChessBase"]
[SourceDate "2019.10.17"]
[SourceVersion "1"]
[SourceVersionDate "2019.10.17"]
[SourceQuality "1"]
[WhiteTeam "Moldova"]
[BlackTeam "Kyrgyzstan"]
[WhiteTeamCountry "MDA"]
[BlackTeamCountry "KGZ"]

1. c4 c5 2. g3 g6 3. Bg2 Bg7 4. Nf3 Nc6 5. 0-0 Nf6 6. d3 0-0 7. Nc3 d6 8. a3 Bg4 9. Rb1 a5 10. Bd2 Qd7 11. Re1 Bh3 12. Bh1 1/2-1/2

[Event "URS-chT Republics 19th final B"]
[White "Zilberman, Nathan R"]
[Black "Guliev, Sarhan"]
[Site "Azov"]
[Round "?"]
[Result "1/2-1/2"]
[Date "1991.??.??"]
[WhiteElo "2400"]
[BlackElo "2375"]
[PlyCount "104"]
[EventDate "1991.??.??"]
[EventType "team-tourn"]
[EventRounds "4"]
[EventCountry "URS"]
[SourceTitle "EXT 2020"]
[Source "ChessBase"]
[SourceDate "2019.10.17"]
[SourceVersion "1"]
[SourceVersionDate "2019.10.17"]
[SourceQuality "1"]
[WhiteTeam "Kyrgyzstan"]
[BlackTeam "Azerbaijan"]
[WhiteTeamCountry "KGZ"]
[BlackTeamCountry "AZE"]

1. c4 c6 2. Nf3 d5 3. g3 Nf6 4. Bg2 Bf5 5. 0-0 e6 6. d3 Be7 7. Nc3 h6 8. Nd4 Bg4 9. h3 Bh5 10. cxd5 Nxd5 11. Nxd5 exd5 12. Qb3 Qb6 13. Nf5 Qxb3 14. axb3 Bg6 15. Nxe7 Kxe7 16. e4 dxe4 17. dxe4 Nd7 18. Be3 a6 19. Rfd1 f6 20. f4 Rhd8 21. b4 Nf8 22. g4 Bf7 23. Bb6 Rxd1+ 24. Rxd1 Nd7 25. Bc7 Rc8 26. Bd6+ Ke8 27. Kf2 Nb6 28. e5 fxe5 29. Bxe5 Kf8 30. Rd6 Nc4 31. Rd7 Nxe5 32. fxe5 Bd5 33. Rxb7 Bxg2 34. Kxg2 Re8 35. Kf3 Rxe5 36. Rb6 Rd5 37. Ke3 a5 38. Rxc6 axb4 39. h4 Rd1 40. h5 Rg1 41. Rc4 Rg3+ 42. Kf4 Rb3 43. Kf5 Rxb2 44. Kg6 Re2 45. Rxb4 Re6+ 46. Kh7 Re7 47. Ra4 Rb7 48. Ra6 Kf7 49. Rg6 Kf8 50. Kh8 Rd7 51. Kh7 Rc7 52. Ra6 Kf7 1/2-1/2

[Event "Steinweg op 4th"]
[White "Zilberman, Nathan R"]
[Black "Boehm, Martin"]
[Site "Antwerp"]
[Round "3"]
[Result "0-1"]
[Date "1990.08.13"]
[WhiteElo "2430"]
[BlackElo "2210"]
[PlyCount "108"]
[EventDate "1990.08.11"]
[EventType "swiss"]
[EventRounds "9"]
[EventCountry "BEL"]
[SourceTitle "EXT 2021"]
[Source "ChessBase"]
[SourceDate "2020.10.23"]
[SourceVersion "1"]
[SourceVersionDate "2020.10.23"]
[SourceQuality "1"]

1. d4 Nf6 2. c4 e6 3. Nc3 Bb4 4. e3 c5 5. Nge2 0-0 6. a3 cxd4 7. exd4 Be7 8. d5 exd5 9. cxd5 Bc5 10. Nd4 d6 11. Be2 a6 12. 0-0 Nbd7 13. Bg5 h6 14. Bh4 Re8 15. b4 Ba7 16. Nf5 Nf8 17. Bd3 Ng6 18. Bg3 Ne5 19. Re1 g6 20. Ne3 Nh5 21. Bxe5 dxe5 22. g3 Nf6 23. Qb3 h5 24. Rad1 Ng4 25. Ne4 Bxe3 26. fxe3 Bf5 27. h3 Bxe4 28. Bxe4 Nf6 29. Bg2 Qd6 30. e4 Rac8 31. Rf1 Rc7 32. Rd2 Rec8 33. Rdf2 Ne8 34. Qe3 Kg7 35. g4 hxg4 36. hxg4 Qd8 37. g5 Nd6 38. Rf6 Rc3 39. Qf2 R8c7 40. Qb6 Rd7 41. Qf2 b5 42. Rxd6 Rxd6 43. Qxf7+ Kh8 44. Qf8+ Qxf8 45. Rxf8+ Kg7 46. Re8 Rxa3 47. Rxe5 Kf8 48. Kh2 Rb3 49. Bh3 Rxb4 50. Bc8 Rc4 51. Bb7 Rc7 52. Bc6 Rdxc6 53. dxc6 Rxc6 54. Rd5 Rb6 0-1

[Event "Belgorod"]
[White "Kholmov, Ratmir D"]
[Black "Zilberman, Nathan R"]
[Site "Belgorod"]
[Round "?"]
[Result "1-0"]
[Date "1990.??.??"]
[WhiteElo "2485"]
[BlackElo "2455"]
[PlyCount "125"]
[EventDate "1990.??.??"]
[EventType "tourn"]
[EventRounds "15"]
[EventCountry "URS"]
[EventCategory "9"]
[SourceTitle "EXT 1999"]
[Source "ChessBase"]
[SourceDate "1998.11.16"]
[SourceVersion "1"]
[SourceVersionDate "1998.11.16"]
[SourceQuality "1"]

1. e4 e6 2. d4 d5 3. Nc3 Bb4 4. e5 Qd7 5. a3 Bxc3+ 6. bxc3 b6 7. Qg4 f5 8. Qg3 Ba6 9. Bxa6 Nxa6 10. Ne2 0-0-0 11. a4 Kb7 12. 0-0 Nb8 13. a5 b5 14. Nf4 a6 15. Ba3 Nh6 16. Nd3 Qf7 17. f3 Nd7 18. Kf2 Rdg8 19. h4 Qe8 20. Ke2 Nf7 21. Qf2 Nd8 22. Rh1 Qf7 23. Raf1 Nc6 24. Bb4 g6 25. Qe3 h6 26. g4 Rh7 27. Rh2 g5 28. hxg5 hxg5 29. Rfh1 Rxh2+ 30. Rxh2 Qg6 31. Kd2 Rg7 32. Rh5 Nd8 33. Qe1 Nf7 34. Qh1 Kc6 35. Ba3 Kb7 36. Kd1 f4 37. Kd2 Kc6 38. Kc1 Kb7 39. Kd1 Kc8 40. Kd2 Kb7 41. Kc1 Kc8 42. Kd2 Kb7 43. Qb1 Nd8 44. Nf2 c5 45. Nh3 Nf7 46. Nf2 Rg8 47. Nd3 Rc8 48. Rh2 Ka8 49. Bxc5 Nxc5 50. Nxc5 Rxc5 51. dxc5 Nxe5 52. Qh1 Kb7 53. Rh7+ Kc6 54. Ra7 Nc4+ 55. Kc1 Ne3 56. Qh2 b4 57. Rxa6+ Kxc5 58. cxb4+ Kxb4 59. Qd2+ Kc5 60. Rb6 Nc4 61. Qb4+ Kd4 62. Rb5 Qh7 63. Qc5+ 1-0

[Event "Pula op 04th"]
[White "Zilberman, Nathan R"]
[Black "Bogdanov, Valentin"]
[Site "Pula"]
[Round "4"]
[Result "1/2-1/2"]
[Date "1990.??.??"]
[WhiteElo "2455"]
[BlackElo "2400"]
[PlyCount "126"]
[EventDate "1990.??.??"]
[EventType "swiss"]
[EventRounds "9"]
[EventCountry "YUG"]
[SourceTitle "EXT 2000"]
[Source "ChessBase"]
[SourceDate "1999.11.16"]
[SourceVersion "1"]
[SourceVersionDate "1999.11.16"]
[SourceQuality "1"]

1. d4 Nf6 2. c4 g6 3. Nc3 d5 4. Nf3 Bg7 5. Bg5 Ne4 6. cxd5 Nxg5 7. Nxg5 e6 8. Nf3 exd5 9. e3 0-0 10. Be2 Be6 11. b4 c6 12. 0-0 Nd7 13. Rc1 a6 14. a4 Qe7 15. Qb3 Nf6 16. Nd2 Rfc8 17. Bd3 Bf8 18. Rb1 b5 19. a5 Ne8 20. Qc2 Nd6 21. Nb3 Nc4 22. Bxc4 bxc4 23. Nc5 Bf5 24. e4 dxe4 25. N3xe4 Rd8 26. Rbd1 Bxe4 27. Nxe4 Qxb4 28. d5 cxd5 29. Nf6+ Kg7 30. Nxd5 Qxa5 31. Qe4 Kh8 32. Qxc4 Rac8 33. Qe4 Bg7 34. Rd3 Re8 35. Qf3 Re1 36. Ne3 Rxf1+ 37. Nxf1 Qb5 38. Rd5 Qe8 39. Qd3 Ra8 40. Ra5 Qc6 41. h4 h5 42. Ne3 Qb6 43. Rd5 a5 44. Nc4 Qf6 45. Qe4 a4 46. Rxh5+ gxh5 47. Qxa8+ Kh7 48. Qxa4 Qxh4 49. Qc2+ Kg8 50. Ne3 Qf6 51. g3 Qf3 52. Qc5 Bf6 53. Nf5 Kh7 54. Qc2 Qc3 55. Qe4 Qe5 56. Qf3 Kg6 57. Ne3 Bg5 58. Qc6+ Kg7 59. Ng2 Qa1+ 60. Kh2 Qf6 61. Qd5 Qd8 62. Qc4 Qd2 63. Qc5 Kg6 1/2-1/2

[Event "Belgorod"]
[White "Zilberman, Nathan R"]
[Black "Kiselev, Sergey"]
[Site "Belgorod"]
[Round "?"]
[Result "1/2-1/2"]
[Date "1990.??.??"]
[WhiteElo "2455"]
[BlackElo "2450"]
[PlyCount "50"]
[EventDate "1990.??.??"]
[EventType "tourn"]
[EventRounds "15"]
[EventCountry "URS"]
[EventCategory "9"]
[SourceTitle "EXT 1999"]
[Source "ChessBase"]
[SourceDate "1998.11.16"]
[SourceVersion "1"]
[SourceVersionDate "1998.11.16"]
[SourceQuality "1"]

1. d4 Nf6 2. Nf3 e6 3. Bg5 c5 4. e3 h6 5. Bh4 b6 6. Nbd2 Bb7 7. Bd3 cxd4 8. exd4 Be7 9. Bxf6 Bxf6 10. 0-0 0-0 11. Qe2 d6 12. Ne4 Be7 13. c3 a6 14. Rae1 Re8 15. Ng3 Bf8 16. Bc2 Nd7 17. Qd3 g6 18. Ne4 Nf6 19. Nfd2 Nxe4 20. Nxe4 f5 21. Nd2 e5 22. Bb3+ Kg7 23. dxe5 dxe5 24. Qxd8 Raxd8 25. Nc4 Be4 1/2-1/2

[Event "Frunze"]
[White "Zilberman, Nathan R"]
[Black "Howell, James C"]
[Site "Frunze"]
[Round "?"]
[Result "0-1"]
[Date "1989.??.??"]
[WhiteElo "2445"]
[BlackElo "2440"]
[PlyCount "86"]
[EventDate "1989.08.??"]
[EventType "tourn"]
[EventRounds "11"]
[EventCountry "URS"]
[EventCategory "8"]
[SourceTitle "CBM 015"]
[Source "ChessBase"]
[SourceDate "1990.04.01"]
[SourceVersion "1"]
[SourceVersionDate "1990.04.01"]
[SourceQuality "1"]

1. d4 Nf6 2. c4 e6 3. Nc3 Bb4 4. e3 c5 5. Nge2 cxd4 6. exd4 0-0 7. a3 Be7 8. d5 exd5 9. cxd5 Re8 10. Be3 Ng4 11. Bd4 Nh6 12. Qd3 d6 13. Ng3 Bf6+ 14. Be2 Nd7 15. Rd1 Bxd4 16. Qxd4 Nf6 17. 0-0 Nf5 18. Qf4 Nxg3 19. hxg3 Re5 20. Rfe1 Qe7 21. Kf1 Bd7 22. Bb5 Nxd5 23. Rxe5 dxe5 24. Nxd5 Bxb5+ 25. Kg1 exf4 26. Nxe7+ Kf8 27. Nd5 fxg3 28. fxg3 Rd8 29. Kf2 Ba4 30. Rd3 Bb5 31. Rd1 Bc6 32. Ne3 Rxd1 33. Nxd1 Ke7 34. Ne3 Ke6 35. Ke2 Ke5 36. Nc4+ Kd5 37. Ne3+ Ke4 38. Kd2 Bb5 39. Nd1 Kd4 40. Ne3 Bd3 41. Ng4 Be4 42. Ne3 h5 43. Ke2 f5 0-1